Statistiken für Sport: Fußball Bundesliga (10x Multiple Choice)

Klicken Sie hier um das Quiz zu spielen!

Allgemein

  • Dieses Quiz wurde 301 mal gespielt
    (296 seit der letzten Aktualisierung)
  • Das Durchschnittsergebnis liegt bei 5 aus 10

Antwortstatistiken

FrageAntwort% Korrekt
Welcher Verein wurde als Aufsteiger Deutscher Meister?1.FC Kaiserslautern
85%
Höchster Sieg in einem Bundesligaspiel?12:0
68%
Zum Aufwärmen... Wer ist Rekord-Torschütze in der Bundesliga?Gerd Müller
64%
Was erlauben....?Strunz
61%
Rekordabsteiger?1.FC Nürnberg
56%
Die meisten Mannschaften pro Saison?20
52%
Wer ist Eigentor-Schützenkönig der Bundesliga?Manfred Kaltz
52%
Trainer mit den meisten Meisterschaften?Udo Lattek
43%
Ältester Deutscher Meister?Toni Schumacher
31%
Meiste verschiedene Torschützen?Eintracht Frankfurt
21%

Verteilung der Resultate

Perzentil nach korrekt beantworteten Fragen

Anzahl Personen mit jedem Resultat

Ihre Resultats-Entwicklung

Sie haben dieses Quiz seit der letzten Aktualisierung nicht gespielt